00574nam a2200121Ia 4500001000700000008004100007100003400048245016800082260003200250300001800282502007600300650007600376Z_2307220601s9999 xx 000 0 und d aDomínguez López, Zeferino aEstrategia para la simplificación del proceso de decisión para el otorgamiento del crédito agropecuario : estudio de caso / por Zeferino Domínguez López aChapingo, Méx. : El autor a83 h. : anexo aTesis (Ing. Agr. Esp. en Zootecnia) -- UACH. Departamento de Zootecnia a1. Crédito agrícola - México 2. Crédito ganadero - MéxicoÌ